مكتبة جامعة عجلون الوطنية

فهرس بحث المكتبة

Normal view MARC view
  • الفيزياء - فلسفة

Entry Topical Term

Number of records used in: 1

001 - CONTROL NUMBER

  • control field: 8232

003 - CONTROL NUMBER IDENTIFIER

  • control field: JO-AjAnu

005 - DATE AND TIME OF LATEST TRANSACTION

  • control field: 20230606071629.0

008 - FIXED-LENGTH DATA ELEMENTS

  • fixed length control field: 230606|| aca||aabn | a|a d

040 ## - CATALOGING SOURCE

  • Original cataloging agency: JO-AjAnu
  • Transcribing agency: JO-AjAnu

150 ## - HEADING--TOPICAL TERM

  • Topical term or geographic name entry element: الفيزياء - فلسفة

670 ## - SOURCE DATA FOUND

  • Source citation: Work cat.: (JO-AjAnu)4251: شابير، ددلي محرر ؛ ترجمة احمد الحصادي , author 8231, إشكاليات فلسفية في العلم الطبيعي=PHILOSOPHICAL PROBLEMS OF NATURAL SCIENCE، ج1+2